Kronika 20. storočia 5 1940-1949

Bibliographic Details
Other Authors: Deák, Ladislav, 1931-2011 (Translator), Ivaničková, Edita, 1948- (Compiler)
Format: Book
Language:Slovak
German
PhysicalDescription:S. 550-731 fotogr., mp. 30 cm
Published: [Bratislava] Fortuna Libri [Petit Press] 2007
ISBN:9788089144808 (súbor)
9788089144853 (viaz. : 5. zv.)
Edition:[2. slov. vyd.]
Series:Edícia denníka SME
Subjects:

MARC

LEADER 00000nam a2200000 a 4500
001 vtls009184244
003 SK-MaSNL
005 20260301081452.0
008 151112s2007 xo ob g e 000 0dslo
015 |a SNBA2008/11-05192 
020 |a 9788089144808 (súbor) 
020 |a 9788089144853 (viaz. : 5. zv.) 
035 |a 7CE35F7B-EB7A-4D0E-8725-DEB6889069E4 
035 |a urn:nbn:sk:snk-amjvg9 
035 |a urn:nbn:sk:snk-am0084ld 
040 |a SNK  |b slo  |c SNK  |e AACR2 
041 1 |a slo  |h ger 
044 |a xo  |c SK 
072 7 |a 94(100)  |x Svetové dejiny  |2 konspekt 
080 |a 94(100)  |2 2011 
080 |a (048.8)  |2 2011 
080 |a (031)  |2 2011 
130 0 |a Chronik des 20. Jahrhunderts  |l Slovensky  |9 404811 
245 1 0 |a Kronika 20. storočia  |n 5  |p 1940-1949  |c [z nemeckého originálu ... preložili, doplnili a upravili Ladislav Deák ... [et al.] ; slovenské vydanie zostavila Edita Ivaničková] 
246 3 0 |a 1940-1949 
250 |a [2. slov. vyd.] 
260 |a [Bratislava]  |b Fortuna Libri  |b [Petit Press]  |c 2007 
300 |a S. 550-731  |b fotogr., mp.  |c 30 cm 
490 1 |a Edícia denníka SME 
500 |a Miesto vyd. podľa ISBN 
648 7 |a 1940-1949  |2 SNKPH  |9 404812 
650 0 7 |a svetové dejiny  |2 SNKPH  |9 4037 
650 0 7 |a World history  |2 SNKPHeng  |9 275271 
655 7 |a chronologické prehľady  |2 SNKPH  |9 278802 
655 7 |a encyklopédie  |2 SNKPH  |9 28776 
655 7 |a Encyclopedias  |2 SNKPHeng  |9 90422 
700 1 |a Deák, Ladislav,  |d 1931-2011  |4 trl  |9 151090 
700 1 |a Ivaničková, Edita,  |d 1948-  |4 com  |9 213689 
830 0 |a Edícia denníka SME  |9 404813 
852 |a Štátna vedecká knižnica v Banskej Bystrici 
919 |a 978-80-89144-80-8 
919 |a 978-80-89144-85-3 
958 |a OP 
968 |b DT  |d 93/94 
999 |c 655976  |d 657906 
952 |a SNK  |b SNK  |y PREZ  |7 0  |p 17A0601781  |o snkSB 75729/5   |i snk2008/19293  |8 0  |0 0  |1 0  |4 0  |d 2008-10-10  |f 1  |l 0  |r 2025-04-28 00:00:00  |w 2026-02-23 
952 |t snkKRO/5 94""19""  |a SNKUST  |b SNKUST  |y PREZ  |7 0  |p 17A0570218  |o snkSB 75729/5 D2  |i snk2008/3755  |8 3  |g 6.61  |0 0  |1 0  |4 0  |d 2008-02-14  |l 0  |r 2025-04-29 00:00:00  |w 2026-02-23